How Manjini become a magician (Record no. 156332)
[ view plain ]
| 000 -LEADER | |
|---|---|
| fixed length control field | 00712nam a22002297a 4500 |
| 005 - DATE AND TIME OF LATEST TRANSACTION | |
| control field | 20180915112904.0 |
| 006 - FIXED-LENGTH DATA ELEMENTS--ADDITIONAL MATERIAL CHARACTERISTICS--GENERAL INFORMATION | |
| fixed length control field | a|||||f|||| 00| 0 |
| 007 - PHYSICAL DESCRIPTION FIXED FIELD--GENERAL INFORMATION | |
| fixed length control field | tc |
| 008 - FIXED-LENGTH DATA ELEMENTS--GENERAL INFORMATION | |
| fixed length control field | 180720b xxu||||| |||| 00| 0 eng d |
| 010 ## - LCCN (DPL NO) | |
| LC control number | BR-000952-BR-000953 |
| 020 ## - INTERNATIONAL STANDARD BOOK NUMBER | |
| Terms of availability | 14.00 |
| 035 ## - SYSTEM CONTROL NUMBER | |
| System control number | BR-000952 |
| 037 ## - SOURCE OF ACQUISITION | |
| Source of stock number/acquisition | A.I.C.B. |
| 082 ## - DEWEY DECIMAL CLASSIFICATION NUMBER | |
| Classification number | S |
| 100 ## - MAIN ENTRY--PERSONAL NAME | |
| Personal name | Gupta, Reeta |
| 245 ## - TITLE STATEMENT | |
| Title | How Manjini become a magician |
| Statement of responsibility, etc | by Reeta Gupta |
| 260 ## - PUBLICATION, DISTRIBUTION, ETC. (IMPRINT) | |
| Place of publication, distribution, etc | Delhi |
| Name of publisher, distributor, etc | A.C.I.B. |
| Date of publication, distribution, etc | N.D. |
| 270 ## - ADDRESS | |
| Address | Sector-5, Rohini, |
| City | New Delhi |
| Postal code | 110085 |
| 300 ## - PHYSICAL DESCRIPTION | |
| Extent | various pages. |
| Dimensions | 30cm(HB). |
| 942 ## - ADDED ENTRY ELEMENTS (KOHA) | |
| Source of classification or shelving scheme | Dewey Decimal Classification |
| Item type | Braille-Books-Hindi |
| Classification part | S |
| Call number suffix | GUP |
| Withdrawn status | Lost status | Not for loan | Collection code | Home library | Current library | Date acquired | Source of acquisition | Cost, normal purchase price | Full call number | Barcode | Copy number | Koha item type |
|---|---|---|---|---|---|---|---|---|---|---|---|---|
| Fiction | Braille-Library | Braille-Library | 15/09/2011 | 3262/15-09-2011 | 14.00 | S GUP | BR-000952 | 1 | Braille-Books-English | |||
| Fiction | Braille-Library | Braille-Library | 15/09/2011 | 3262/15-09-2011 | 14.00 | S GUP | BR-000953 | 1 | Braille-Books-English |
